Fünf Länder mit den meisten Achterbahnen pro Kontinent - Statistiken

Allgemein
  • Dieses Quiz wurde 108 mal gespielt
  • Das Durchschnittsergebnis liegt bei 21 aus 25
Antwortstatistiken
Kontinent Anzahl Achterbahnen Land % Korrekt
Europa 282 Deutschland
100%
Nordamerika 908 Vereinigte Staaten
99%
Asien & Ozeanien 1.844 China
98%
Europa 227 Frankreich
98%
Nordamerika 65 Kanada
98%
Asien & Ozeanien 209 Japan
96%
Südamerika 91 Brasilien
95%
Europa 139 Italien
94%
Nordamerika 59 Mexiko
94%
Afrika 10 Südafrika
91%
Europa 191 Russland
90%
Europa 211 Vereinigtes Königreich
90%
Afrika 23 Ägypten
88%
Südamerika 21 Argentinien
88%
Asien & Ozeanien 126 Indien
84%
Südamerika 15 Kolumbien
84%
Südamerika 14 Peru
81%
Südamerika 26 Venezuela
79%
Afrika 31 Algerien
74%
Nordamerika 11 Guatemala
65%
Afrika 13 Nigeria
65%
Nordamerika 6 Costa Rica
64%
Asien & Ozeanien 108 Saudi-Arabien
64%
Afrika 14 Tunesien
59%
Asien & Ozeanien 134 Türkei
53%
Keine übereinstimmenden Quizze gefunden
Verteilung der Resultate
Anzahl Personen mit jedem Resultat
Perzentil nach korrekt beantworteten Fragen
Ihre Resultats-Entwicklung
Sie haben dieses Quiz noch nicht gespielt